000 00180 a2200097 4500
020 _a038332561722
041 _aeng
100 _aRoberts, nora
245 _aBlood brothers
942 _cBK
999 _c848
_d848